00371nam a2200121Ia 4500008004100000082001400041100002800055245004800083600001100131630004800142700001100190730004800201090122s9999 xx 000 0 und d b3961a823 aGlebovb"Oleg,"cVitaly aD. Danin Probabilities of the Quantum World aGlebov aD. Danin Probabilities of the Quantum World aGlebov aD. Danin Probabilities of the Quantum World